DTW Direct Flights - Statistics

General Stats
  • This quiz has been taken 14 times
  • The average score is 107 of 135
Answers on the Map
Answers color-coded by a green-red scale on the quiz's map according to % correct below.
 
Answer Stats
Answer % Correct
Anchorage
100%
Baltimore/Washington D.C.
100%
Chicago Midway
100%
Chicago O'Hare
100%
Dallas-Fort Worth
100%
Halifax
100%
Las Vegas
100%
Los Angeles
100%
Los Cabos
100%
New York City JFK
100%
Phoenix
100%
Portland OR
100%
San Diego
100%
San Francisco
100%
San Jose
100%
Seattle-Tacoma
100%
Seoul-Incheon
100%
Shanghai
100%
Tokyo
100%
Vancouver
100%
Washington Dulles
100%
Washington National
100%
Albany
88%
Amsterdam
88%
Atlanta
88%
Augusta
88%
Austin
88%
Boston
88%
Buffalo/Niagara Falls
88%
Calgary
88%
Cancún
88%
Cincinnati/Northern Kentucky
88%
Cleveland
88%
Denver
88%
Des Moines
88%
Dublin
88%
Fort Myers
88%
Frankfurt
88%
Honolulu
88%
Houston
88%
Indianapolis
88%
Istanbul
88%
Jacksonville
88%
Kansas City
88%
London
88%
Louisville
88%
Memphis
88%
Mexico City
88%
Miami
88%
Milwaukee
88%
Minneapolis-St. Paul
88%
Montréal
88%
Nashville
88%
Nassau
88%
Newark-New York
88%
New Orleans
88%
New York City LGA
88%
Norfolk
88%
Omaha
88%
Orlando
88%
Paris
88%
Philadelphia
88%
Pittsburgh
88%
Portland ME
88%
Providence
88%
Punta Cana
88%
Raleigh-Durham
88%
Richmond
88%
Rochester
88%
Rome-Fiumicino
88%
Sacramento
88%
Salt Lake City
88%
San Antonio
88%
San Juan
88%
Santa Ana
88%
Sarasota-Bradenton
88%
Savannah/Hilton Head
88%
St. Louis
88%
Tampa
88%
Toronto
88%
Westchester County
88%
Amman
75%
Appleton
75%
Bangor
75%
Birmingham
75%
Bozeman
75%
Burlington
75%
Charleston
75%
Charlotte
75%
Chattanooga
75%
Columbus
75%
Daytona Beach
75%
Fort Lauderdale-Hollywood
75%
Grand Cayman
75%
Grand Rapids
75%
Green Bay
75%
Harrisburg
75%
Hartford
75%
Kalamazoo/Battle Creek
75%
Lexington
75%
Madison
75%
Montego Bay
75%
Monterrey
75%
Munich
75%
Palm Beach
75%
Pensacola
75%
Puerto Vallarta
75%
Reykjavík-Keflavík
75%
Syracuse
75%
Destin-Fort Walton Beach
63%
Fort Wayne
63%
Huntsville
63%
Liberia
63%
Myrtle Beach
63%
New Haven
63%
Pellston
63%
Piedmont Triad
63%
Sault Ste. Marie
63%
South Bend
63%
Wilmington
63%
Elmira/Corning
50%
Greenville-Spartanburg
50%
Knoxville
50%
Lansing
50%
Marquette
50%
Providenciales
50%
Saginaw/Midland/Bay City
50%
Traverse City
50%
Binghamton
38%
Lakeland
38%
Northwest Arkansas
38%
Alpena
25%
Querétaro
25%
Iron Mountain/Kingsford
13%
Escanaba
0%
No matching quizzes found
Score Distribution
Percent of People with Each Score
Percentile by Number Answered
Your Score History
You have not taken this quiz